|
|
|
|
| LEADER |
00873cam a2200265 7i4500 |
| 001 |
0000132067 |
| 005 |
20190512090000.0 |
| 008 |
190508s2019 nyua x 0 eng |
| 020 |
# |
0 |
|a 9781682868324 (hbk)
|
| 040 |
# |
# |
|a Loc
|
| 090 |
0 |
0 |
|a GV 341
|b .P4 2019
|
| 245 |
0 |
0 |
|a Physical education fitness and sports
|c edited by Luis Mason.
|
| 264 |
# |
1 |
|a New York:
|b Syrawood Publishing House,
|c 2018.
|
| 264 |
# |
4 |
|c ♭ 2018.
|
| 300 |
# |
# |
|a 194 pages:
|b illustrations (some colour);
|c 27 cm..
|
| 336 |
# |
# |
|a text
|2 rdacontent
|
| 337 |
# |
# |
|a unmediated
|2 rdamedia
|
| 338 |
# |
# |
|a volume
|2 rdacarrier
|
| 504 |
0 |
0 |
|a Includes bibliographical references and index
|
| 590 |
# |
# |
|a Pusat Pendidikan Asas Libeal
|
| 650 |
0 |
0 |
|a Physical fitness
|
| 650 |
0 |
0 |
|a Sports medicine
|
| 650 |
0 |
0 |
|a Sports
|
| 650 |
0 |
0 |
|a Physical education and training
|
| 999 |
|
|
|a 1100105150
|b Book
|c Open Shelf
|e KOLEKSI TERBUKA
|